| 000 | 01690nam0a2200349 4500 | ||
|---|---|---|---|
| 001 | RU\NLR\BIBL_A\022184234 | ||
| 005 | 20260420004028.0 | ||
| 010 |
_a978-5-91260-246-7 _9300 |
||
| 021 |
_aRU _bКН-П-24-010729 _9КН-П-24-1105 |
||
| 035 | _a(NLR Aleph) 022184234 | ||
| 090 |
_a13658843 _c13658843 |
||
| 100 | _a20240401d2023 k y0rusy50 ca | ||
| 101 | 0 | _arus | |
| 102 | _aRU | ||
| 105 | _ay z 000yy | ||
| 181 | 0 |
_ai4 _baxxe |
|
| 182 | 0 | _an | |
| 200 | 1 |
_aОсвоение Северного морского пути и судоходство в Арктике. 1920-1945 гг. _eмонография _fА. Ф. Поздняков _g[Северо-Восточный государственный университет] |
|
| 203 |
_aТекст _bвизуальный _cнепосредственный |
||
| 210 |
_aМагадан _cИзд-во Северо-Восточного государственного университета _d2023 |
||
| 215 |
_a236 с. _d21 |
||
| 320 | _aБиблиогр.: с. 234-236 (66 назв.) и в подстроч. примеч. | ||
| 320 | _aДр. кн. авт. на 4-й с. обл. | ||
| 606 | 1 |
_aМорское судоходство _xИстория _xАрктические моря _92468124 _3RU\NLR\AUTH\661466090 |
|
| 607 |
_aСеверный морской путь _xОсвоение _zнач. 20 в. _92628167 _3RU\NLR\AUTH\661564727 |
||
| 686 | 1 | _aД890(881)022Северный морской путь | |
| 686 | 1 | _aО4,1г(2) | |
| 700 | 1 |
_aПоздняков _bА. Ф. _f1983-2011 _gАлексей Феликсович |
|
| 942 | _cBOOK | ||
| 980 | _aNB | ||